Ceremonias sagradas : (Record no. 110267)

MARC details
000 -CABECERA
campo de control de longitud fija 00940ngm a2200193 a 4500
005 - FECHA Y HORA DE LA ÚLTIMA TRANSACCIÓN
campo de control 20240424063733.0
008 - ELEMENTOS DE LONGITUD FIJA--INFORMACIÓN GENERAL
campo de control de longitud fija 050418s2004 mx 120 aaspa d
035 ## - NÚMERO DE CONTROL DEL SISTEMA
Número de control de sistema UPN01000138119
049 ## - COLECCIÓN
Colección AV
050 #4 - SIGNATURA TOPOGRÁFICA DE LA BIBLIOTECA DEL CONGRESO
Número de clasificación DVD GN 15
245 00 - MENCIÓN DE TÍTULO
Título Ceremonias sagradas :
Resto del título en búsqueda de la historia.
260 ## - PUBLICACIÓN, DISTRIBUCIÓN, ETC.
Lugar de publicación, distribución, etc. [E.U.A.] :
Nombre del editor, distribuidor, etc. The history channel :
-- USA video,
Fecha de publicación, distribución, etc. c2004.
300 ## - DESCRIPCIÓN FÍSICA
Extensión 1 DVD (120 min.) :
Otras características físicas son. col. ;
Dimensiones 4 3/4 plg.
500 ## - NOTA GENERAL
Nota general El material incluye : capítulos con versiones inglés y subtítulos en español
520 ## - NOTA DE RESUMEN, ETC.
Sumario, etc. Viajemos alrededor del mundo para investigar ritos históricos y para descubrir cómo enriquecen a las culturas que los crearon. Vean por ejemplo una ceremonia en Papau Nueva Guinea, donde la piel de un joven es grabada y tallada con los patrones que simbolizan las escamas de un cocodrilo
650 #2 - ASIENTO SECUNDARIO DE MATERIA - TERMINO TEMATICO
Término de materia o nombre geográfico como elemento de entrada Ritos y ceremonias
Subdivisión general Aspectos sociales
9 (RLIN) 13846
650 #4 - ASIENTO SECUNDARIO DE MATERIA - TERMINO TEMATICO
Término de materia o nombre geográfico como elemento de entrada Ritualismo
9 (RLIN) 21915
905 ## - TIPO DE MATERIAL
Tipo de material Electrónico
Holdings
Estado de retiro Estado de pérdida Fuente del sistema de clasificación o colocación Estado dañado No para préstamo Código de colección Localización permanente Ubicación/localización actual Ubicación en estantería Total de préstamos Clasificación Código de barras Fecha visto por última vez Número de copia Tipo de ítem Koha
    Library of Congress Classification     Audiovisuales Bib. Gregorio Torres Quintero Bib. Gregorio Torres Quintero Audiovisual   DVD GN 15 227881 31/12/2020 1 Formato Digital